000 00595nam a2200181Ia 4500
008 090123s9999 xx 000 0 und d
082 _b20763
_a891.463/कडको
100 _aकडकोळ राघवेंद्र
245 _aगोल्ड मेडल
250 _a1
260 _bदिलिपराज प्रकाशन
_c1992
300 _a111
600 _aकडकोळ राघवेंद्र
630 _aगोल्ड मेडल
700 _aकडकोळ राघवेंद्र
730 _aगोल्ड मेडल
942 _cBOOK
999 _c58835
_d58835